[Event "Regionalliga NO 1011"]
[Site "Bayern"]
[Date "2010.12.12"]
[Round "4.7"]
[White "Stein, Isjaslaw"]
[Black "Schatz, Werner"]
[Result "1/2-1/2"]
[WhiteElo "1997"]
[BlackElo "1947"]
[PlyCount "71"]
[EventDate "2010.10.10"]
[EventType "team-tourn"]
[EventRounds "9"]
[EventCountry "GER"]
[SourceTitle "EXT 2012"]
[Source "ChessBase"]
[SourceDate "2011.11.24"]
[SourceVersion "1"]
[SourceVersionDate "2011.11.24"]
[SourceQuality "1"]
[WhiteTeam "Weiden"]
[BlackTeam "Fuerth"]
[WhiteTeamCountry "GER"]
[BlackTeamCountry "GER"]

1. e4 d6 2. d4 g6 3. c4 Bg7 4. Nc3 a6 5. f3 c6 6. Be3 b5 7. Bd3 Nf6 8. Nge2 Nbd7 9. Qd2 bxc4 10. Bxc4 d5 11. Bb3 Nb6 12. Bh6 0-0 13. Bxg7 Kxg7 14. 0-0-0 a5 15. e5 Ng8 16. Na4 Nxa4 17. Bxa4 Ba6 18. Nc3 Qb6 19. Bb3 Bb5 20. Ba4 e6 21. Kb1 Rfb8 22. h4 Ra7 23. g4 h6 24. Rh2 Qd8 25. Rg1 Qe7 26. Nxb5 cxb5 27. Bc2 a4 28. f4 b4 29. Bd3 a3 30. b3 Qc7 31. Rc1 Qb6 32. Qe3 Rc7 33. Rhc2 Rxc2 34. Rxc2 Qd8 35. Qf2 Rc8 36. f5 1/2-1/2

[Event "Regionalliga NO 0708"]
[Site "Bayern"]
[Date "2007.12.09"]
[Round "4.2"]
[White "Sikorsky, Horst"]
[Black "Stein, Isjaslaw"]
[Result "1/2-1/2"]
[WhiteElo "2066"]
[BlackElo "2088"]
[PlyCount "84"]
[EventDate "2007.10.21"]
[EventType "team-tourn"]
[EventRounds "9"]
[EventCountry "GER"]
[SourceTitle "EXT 2009"]
[Source "ChessBase"]
[SourceDate "2008.11.26"]
[SourceVersion "1"]
[SourceVersionDate "2008.11.26"]
[SourceQuality "1"]
[WhiteTeam "Gunzenhausen"]
[BlackTeam "Weiden"]
[WhiteTeamCountry "GER"]
[BlackTeamCountry "GER"]

1. e4 c5 2. Nf3 Nc6 3. d4 cxd4 4. Nxd4 Nf6 5. Nc3 d6 6. Be2 e5 7. Nf3 h6 8. 0-0 Be7 9. Be3 Be6 10. Nd2 d5 11. exd5 Nxd5 12. Nxd5 Bxd5 13. Bf3 0-0 14. c3 f5 15. Bxd5+ Qxd5 16. Qb3 Rad8 17. f3 f4 18. Bf2 Qxb3 19. Nxb3 Rd3 20. Rfd1 Rfd8 21. Rxd3 Rxd3 22. Kf1 Kf7 23. Ke2 Rd7 24. Rd1 Rxd1 25. Kxd1 Ke6 26. Ke2 Kf5 27. Kd3 a6 28. Bc5 Bd8 29. Bf8 Bf6 30. Nc5 Nd8 31. Kc4 Ne6 32. Nxe6 Kxe6 33. Kd3 Kf5 34. c4 h5 35. Bd6 g5 36. h3 g4 37. hxg4+ hxg4 38. b3 Ke6 39. Bc5 Kf5 40. Bd6 Ke6 41. Bc5 Kf5 42. Bd6 Ke6 1/2-1/2

[Event "Regionalliga NO 0708"]
[Site "Bayern"]
[Date "2007.10.21"]
[Round "1.2"]
[White "Seyb, Alexander"]
[Black "Stein, Isjaslaw"]
[Result "0-1"]
[WhiteElo "2181"]
[BlackElo "2088"]
[PlyCount "80"]
[EventDate "2007.10.21"]
[EventType "team-tourn"]
[EventRounds "9"]
[EventCountry "GER"]
[SourceTitle "EXT 2009"]
[Source "ChessBase"]
[SourceDate "2008.11.26"]
[SourceVersion "1"]
[SourceVersionDate "2008.11.26"]
[SourceQuality "1"]
[WhiteTeam "Grossenseebach"]
[BlackTeam "Weiden"]
[WhiteTeamCountry "GER"]
[BlackTeamCountry "GER"]

1. e4 e5 2. Nf3 Nc6 3. d4 exd4 4. Nxd4 Nf6 5. Nxc6 bxc6 6. e5 Nd5 7. c4 Nb6 8. Bd3 d5 9. exd6 cxd6 10. 0-0 Be7 11. Bf4 0-0 12. Nd2 d5 13. Qc2 h6 14. Rad1 Bf6 15. c5 Nd7 16. Rfe1 Re8 17. Bc7 Rxe1+ 18. Rxe1 Qf8 19. Bd6 Qd8 20. Bc7 Qf8 21. b4 Bb7 22. Bf5 Re8 23. Qc1 Rxe1+ 24. Qxe1 Qc8 25. Bd6 g6 26. Bg4 Qd8 27. Nb3 Bg5 28. Na5 Ba8 29. a4 a6 30. Qe2 Nb8 31. g3 Bf6 32. Bxb8 Qxb8 33. Qxa6 Kg7 34. Bf3 Qxb4 35. Qxa8 Qe1+ 36. Kg2 Bd4 37. Nxc6 Qxf2+ 38. Kh3 Qf1+ 39. Kg4 f5+ 40. Kh4 Bf6# 0-1

[Event "Regionalliga NO 0607"]
[Site "Bayern"]
[Date "2007.04.01"]
[Round "8.2"]
[White "Stein, Isjaslaw"]
[Black "Noeckler, Alexander"]
[Result "1-0"]
[WhiteElo "2147"]
[BlackElo "1939"]
[PlyCount "75"]
[EventDate "2006.10.15"]
[EventType "team-tourn"]
[EventRounds "9"]
[EventCountry "GER"]
[SourceTitle "EXT 2008"]
[Source "ChessBase"]
[SourceDate "2007.11.25"]
[SourceVersion "1"]
[SourceVersionDate "2007.11.25"]
[SourceQuality "1"]
[WhiteTeam "Weiden"]
[BlackTeam "Hirschau"]
[WhiteTeamCountry "GER"]
[BlackTeamCountry "GER"]

1. e4 c5 2. Nf3 d6 3. d4 cxd4 4. Qxd4 e5 5. Bb5+ Nc6 6. Qd3 a6 7. Ba4 Be7 8. Nc3 Nf6 9. Bg5 0-0 10. 0-0 b5 11. Bb3 Be6 12. Rad1 Na5 13. Bxf6 gxf6 14. Nd5 Bxd5 15. Bxd5 Rc8 16. Nh4 Kh8 17. Nf5 Qe8 18. Qg3 Rg8 19. Qh4 Nc6 20. Rd3 Rg5 21. Rh3 h5 22. Rg3 Qg8 23. Nh6 Qg6 24. Nxf7+ Kg8 25. Qh3 Rg4 26. f3 f5 27. exf5 Rxg3 28. hxg3 Qf6 29. Qxh5 Nd4 30. Qg4+ Kf8 31. Nxe5 Qg5 32. Ng6+ Kg7 33. Qxd4+ Bf6 34. Qa7+ Kh6 35. Be4 Rc4 36. c3 b4 37. Qf7 Rc8 38. f4 1-0

[Event "Regionalliga NO 0607"]
[Site "Bayern"]
[Date "2007.02.04"]
[Round "5.2"]
[White "Bunk, Karsten"]
[Black "Stein, Isjaslaw"]
[Result "1-0"]
[WhiteElo "2103"]
[BlackElo "2147"]
[PlyCount "119"]
[EventDate "2006.10.15"]
[EventType "team-tourn"]
[EventRounds "9"]
[EventCountry "GER"]
[SourceTitle "EXT 2008"]
[Source "ChessBase"]
[SourceDate "2007.11.25"]
[SourceVersion "1"]
[SourceVersionDate "2007.11.25"]
[SourceQuality "1"]
[WhiteTeam "Nuernberg Sued SW"]
[BlackTeam "Weiden"]
[WhiteTeamCountry "GER"]
[BlackTeamCountry "GER"]

1. d4 Nf6 2. Bg5 g6 3. Bxf6 exf6 4. e3 Bg7 5. c4 d5 6. cxd5 Qxd5 7. Nc3 Qa5 8. g3 c5 9. dxc5 0-0 10. Bg2 Na6 11. a3 Rd8 12. Bd5 Be6 13. e4 f5 14. Nge2 fxe4 15. 0-0 Qxc5 16. b4 Qc7 17. Qb3 Bxd5 18. Nxd5 Qe5 19. Rad1 Rac8 20. Rfe1 Kh8 21. Nec3 f5 22. Nb5 Rd7 23. Nxa7 Rcd8 24. Nf4 Nc7 25. Rxd7 Rxd7 26. Rd1 Rxd1+ 27. Qxd1 e3 28. Qd8+ Ne8 29. fxe3 Qxe3+ 30. Kg2 g5 31. Qxg5 Qxa7 32. Nh5 b5 33. Qxf5 Qb7+ 34. Kh3 Nd6 35. Qd3 Qd7+ 36. g4 Qe6 37. Ng3 Be5 38. Nh5 Qc4 39. Qd1 Qc3+ 40. Kh4 Bf6+ 41. Nxf6 Qxf6+ 42. Kg3 Ne4+ 43. Kg2 Qf2+ 44. Kh1 Qd2 45. Qf1 Nf2+ 46. Kg1 Qd1 47. Kxf2 Qxg4 48. Qa1+ Kg8 49. Qg1 Qxg1+ 50. Kxg1 Kf7 51. Kf2 Ke6 52. Ke3 Kd5 53. Kd3 h5 54. Kc3 h4 55. Kb3 h3 56. a4 bxa4+ 57. Kxa4 Kc6 58. Ka5 Kb7 59. Kb5 Kb8 60. Kb6 1-0

[Event "Regionalliga NO 0607"]
[Site "Bayern"]
[Date "2006.11.19"]
[Round "3.2"]
[White "Stein, Isjaslaw"]
[Black "Albrecht, Hans"]
[Result "1/2-1/2"]
[WhiteElo "2147"]
[BlackElo "2117"]
[PlyCount "36"]
[EventDate "2006.10.15"]
[EventType "team-tourn"]
[EventRounds "9"]
[EventCountry "GER"]
[SourceTitle "EXT 2008"]
[Source "ChessBase"]
[SourceDate "2007.11.25"]
[SourceVersion "1"]
[SourceVersionDate "2007.11.25"]
[SourceQuality "1"]
[WhiteTeam "Weiden"]
[BlackTeam "Altensittenbach"]
[WhiteTeamCountry "GER"]
[BlackTeamCountry "GER"]

1. e4 e6 2. d4 d5 3. Nd2 c5 4. exd5 Qxd5 5. Ngf3 cxd4 6. Bc4 Qd6 7. 0-0 Nf6 8. Nb3 Nc6 9. Nbxd4 Nxd4 10. Nxd4 a6 11. Re1 Qc7 12. Qe2 Bc5 13. c3 0-0 14. Bg5 Kh8 15. Rad1 Ng8 16. Bh4 Bd6 17. Bg3 Bxg3 18. hxg3 b5 1/2-1/2

[Event "Landesliga Nord 0506"]
[Site "Bayern"]
[Date "2006.01.29"]
[Round "6.1"]
[White "Stein, Isjaslaw"]
[Black "Roth, Norbert"]
[Result "1/2-1/2"]
[WhiteElo "2201"]
[BlackElo "2235"]
[PlyCount "113"]
[EventDate "2005.10.23"]
[EventType "team"]
[EventRounds "9"]
[EventCountry "GER"]
[SourceTitle "EXT 2007"]
[Source "ChessBase"]
[SourceDate "2006.11.23"]
[SourceVersion "1"]
[SourceVersionDate "2006.11.23"]
[SourceQuality "1"]

1. e4 d5 2. exd5 Nf6 3. d4 Nxd5 4. c4 Nb6 5. Nf3 Bg4 6. Be2 Nc6 7. d5 Bxf3 8. Bxf3 Ne5 9. Be2 e6 10. f4 Ng6 11. dxe6 Qxd1+ 12. Kxd1 fxe6 13. Bg4 Kf7 14. Re1 Re8 15. b3 Bd6 16. Nc3 h5 17. Bh3 Bb4 18. Kc2 Nd7 19. a3 Bxc3 20. Kxc3 Nf6 21. Be3 a6 22. g3 Ne7 23. Rad1 Nf5 24. Bg1 Rd8 25. Bg2 b6 26. Bf3 Rhg8 27. Bf2 Ng4 28. Bg1 Nf6 29. b4 Rxd1 30. Rxd1 g5 31. fxg5 Rxg5 32. c5 bxc5 33. Bxc5 h4 34. g4 Ne7 35. h3 a5 36. Bf2 axb4+ 37. Kxb4 Nfd5+ 38. Bxd5 Nxd5+ 39. Kb3 Rg8 40. Rd3 Nf4 41. Rf3 e5 42. Be3 Ke6 43. Bxf4 Rf8 44. Kc3 c5 45. a4 exf4 46. Kc4 Ke5 47. a5 Ke4 48. Rf1 f3 49. a6 Kf4 50. Kxc5 Kg3 51. a7 Kg2 52. Rb1 f2 53. Rb8 Rxb8 54. axb8Q f1Q 55. Qb3 Qf2+ 56. Kc4 Qf4+ 57. Kc5 1/2-1/2

[Event "Regionalliga NO 0405"]
[Site "Bayern"]
[Date "2005.04.10"]
[Round "9.1"]
[White "Stein, Isjaslaw"]
[Black "Thanner, Hans Peter"]
[Result "1/2-1/2"]
[WhiteElo "2200"]
[BlackElo "2113"]
[PlyCount "40"]
[EventDate "2004.10.24"]
[EventType "team-tourn"]
[EventRounds "9"]
[EventCountry "GER"]
[SourceTitle "EXT 2007"]
[Source "ChessBase"]
[SourceDate "2006.11.23"]
[SourceVersion "1"]
[SourceVersionDate "2006.11.23"]
[SourceQuality "1"]
[WhiteTeam "Weiden"]
[BlackTeam "Regensburg Fortuna III"]
[WhiteTeamCountry "GER"]
[BlackTeamCountry "GER"]

1. e4 e6 2. d4 d5 3. Nd2 c5 4. exd5 Qxd5 5. Ngf3 cxd4 6. Bc4 Qd6 7. 0-0 Nf6 8. Nb3 Nc6 9. Nbxd4 Nxd4 10. Nxd4 Bd7 11. Nb5 Qxd1 12. Rxd1 Rc8 13. b3 a6 14. Nd6+ Bxd6 15. Rxd6 Bb5 16. Bxb5+ axb5 17. Rb6 0-0 18. Rxb5 Rxc2 19. Rxb7 Rd8 20. Bf4 Rxa2 1/2-1/2

[Event "Regionalliga NO 0405"]
[Site "Bayern"]
[Date "2005.03.13"]
[Round "8.1"]
[White "Stein, Isjaslaw"]
[Black "Shapiro, Boris"]
[Result "1/2-1/2"]
[WhiteElo "2200"]
[BlackElo "2459"]
[PlyCount "59"]
[EventDate "2004.10.24"]
[EventType "team-tourn"]
[EventRounds "9"]
[EventCountry "GER"]
[SourceTitle "EXT 2007"]
[Source "ChessBase"]
[SourceDate "2006.11.23"]
[SourceVersion "1"]
[SourceVersionDate "2006.11.23"]
[SourceQuality "1"]
[WhiteTeam "Weiden"]
[BlackTeam "Sinzing"]
[WhiteTeamCountry "GER"]
[BlackTeamCountry "GER"]

1. d4 Nf6 2. Nf3 g6 3. Bg5 Bg7 4. c3 Ne4 5. Bh4 0-0 6. Nbd2 d5 7. e3 Nd6 8. Bd3 Bf5 9. Qe2 Nd7 10. 0-0 Bxd3 11. Qxd3 Nf5 12. Bg5 f6 13. Bf4 c6 14. e4 Nh6 15. exd5 cxd5 16. Rfe1 Nf5 17. Qb5 Nb6 18. h3 Re8 19. a4 Nd6 20. Qb3 Qd7 21. a5 Nbc4 22. Bxd6 Nxd2 23. Nxd2 Qxd6 24. Ne4 Qc6 25. Nc5 e5 26. Qxb7 Qxb7 27. Nxb7 exd4 28. cxd4 f5 29. Rxe8+ Rxe8 30. Kf1 1/2-1/2

[Event "Regionalliga NO 0405"]
[Site "Bayern"]
[Date "2004.12.12"]
[Round "4.1"]
[White "Grabert, Ralf"]
[Black "Stein, Isjaslaw"]
[Result "0-1"]
[WhiteElo "2170"]
[BlackElo "2200"]
[PlyCount "71"]
[EventDate "2004.10.24"]
[EventType "team-tourn"]
[EventRounds "9"]
[EventCountry "GER"]
[SourceTitle "EXT 2007"]
[Source "ChessBase"]
[SourceDate "2006.11.23"]
[SourceVersion "1"]
[SourceVersionDate "2006.11.23"]
[SourceQuality "1"]
[WhiteTeam "Regensburg Eulenspiegel"]
[BlackTeam "Weiden"]
[WhiteTeamCountry "GER"]
[BlackTeamCountry "GER"]

1. d4 Nf6 2. Nf3 g6 3. g3 Bg7 4. Bg2 0-0 5. 0-0 d6 6. b3 Nbd7 7. Bb2 c6 8. Re1 Qc7 9. Nbd2 e5 10. dxe5 dxe5 11. Nc4 Rd8 12. Nfxe5 Nxe5 13. Bxe5 Qe7 14. Qc1 b5 15. Na5 Bd7 16. Qb2 Rac8 17. Nb7 Re8 18. Bd6 Qe6 19. Qa3 Ne4 20. Rad1 Bc3 21. Bxe4 Bxe1 22. Nc5 Bxf2+ 23. Kxf2 Qh3 24. Nxd7 Qxd7 25. Bf3 c5 26. e4 c4 27. Bf4 Qc6 28. e5 Qb6+ 29. Be3 Qe6 30. Qd6 cxb3 31. cxb3 Qf5 32. Qd5 Rxe5 33. Qd7 Rc2+ 34. Rd2 Qxd7 35. Rxc2 Qh3 36. Bg2 0-1

[Event "Regionalliga NO 0405"]
[Site "Bayern"]
[Date "2004.10.24"]
[Round "1.1"]
[White "Stein, Isjaslaw"]
[Black "Fischer, Gerd"]
[Result "1/2-1/2"]
[WhiteElo "2200"]
[BlackElo "2131"]
[PlyCount "51"]
[EventDate "2004.10.24"]
[EventType "team-tourn"]
[EventRounds "9"]
[EventCountry "GER"]
[SourceTitle "EXT 2007"]
[Source "ChessBase"]
[SourceDate "2006.11.23"]
[SourceVersion "1"]
[SourceVersionDate "2006.11.23"]
[SourceQuality "1"]
[WhiteTeam "Weiden"]
[BlackTeam "Gunzenhausen"]
[WhiteTeamCountry "GER"]
[BlackTeamCountry "GER"]

1. e4 c5 2. Nf3 e6 3. Nc3 a6 4. d4 cxd4 5. Nxd4 Qc7 6. g3 Bb4 7. Bd2 Nc6 8. Nb3 Nf6 9. Bg2 0-0 10. 0-0 Rd8 11. a3 Be7 12. f4 d6 13. Be3 b5 14. Qe2 Bb7 15. Qf2 Nd7 16. Rad1 Rac8 17. Bh3 Na5 18. Nxa5 Qxa5 19. Bd4 b4 20. axb4 Qxb4 21. Rb1 Rc4 22. Rfd1 Nf6 23. Bf1 Rdc8 24. Bg2 Re8 25. Bf1 Rcc8 26. Bg2 1/2-1/2

[Event "Regionalliga NO 0304"]
[Site "Bayern"]
[Date "2004.03.28"]
[Round "8.3"]
[White "Stein, Isjaslaw"]
[Black "Kirschbaum, Heinrich"]
[Result "1-0"]
[WhiteElo "2066"]
[BlackElo "2088"]
[PlyCount "69"]
[EventDate "2003.10.??"]
[EventType "team-tourn"]
[EventRounds "9"]
[EventCountry "GER"]
[SourceTitle "EXT 2006"]
[Source "ChessBase"]
[SourceDate "2005.11.24"]
[SourceVersion "1"]
[SourceVersionDate "2005.11.24"]
[SourceQuality "1"]
[WhiteTeam "Weiden"]
[BlackTeam "Regensburg Fortuna III"]
[WhiteTeamCountry "GER"]
[BlackTeamCountry "GER"]

1. e4 c5 2. Nf3 d6 3. Bb5+ Bd7 4. Bxd7+ Qxd7 5. d4 cxd4 6. Nxd4 Nf6 7. f3 Nc6 8. c4 g6 9. Nc3 Bg7 10. Be3 0-0 11. Qd2 Rfc8 12. b3 Ne8 13. 0-0 Nc7 14. Rad1 Ne6 15. Nde2 Qd8 16. Nd5 b6 17. Qe1 Qe8 18. Qf2 Rab8 19. Qh4 Rb7 20. f4 Nc5 21. Nec3 Nd7 22. f5 e6 23. f6 Bh8 24. Nb5 exd5 25. Nxd6 Qe5 26. Rxd5 Bxf6 27. Qf2 Qe6 28. Nxb7 Rc7 29. Nd6 Ne7 30. Rd3 Rc6 31. Ne8 Kf8 32. Nxf6 Nxf6 33. Bh6+ Ke8 34. Qd4 Qc8 35. Rxf6 1-0

[Event "Regionalliga NO 0304"]
[Site "Bayern"]
[Date "2004.03.07"]
[Round "7.3"]
[White "Fischer, Erich"]
[Black "Stein, Isjaslaw"]
[Result "0-1"]
[WhiteElo "2086"]
[BlackElo "2066"]
[PlyCount "96"]
[EventDate "2003.10.??"]
[EventType "team-tourn"]
[EventRounds "9"]
[EventCountry "GER"]
[SourceTitle "EXT 2006"]
[Source "ChessBase"]
[SourceDate "2005.11.24"]
[SourceVersion "1"]
[SourceVersionDate "2005.11.24"]
[SourceQuality "1"]
[WhiteTeam "Postbauer Heng"]
[BlackTeam "Weiden"]
[WhiteTeamCountry "GER"]
[BlackTeamCountry "GER"]

1. d4 Nf6 2. c4 g6 3. Nc3 Bg7 4. e4 d6 5. Bd3 0-0 6. Bg5 e5 7. d5 h6 8. Bh4 Nbd7 9. f3 Nc5 10. Bc2 a5 11. Nge2 Bd7 12. b3 Qe8 13. a3 Nh5 14. b4 Na6 15. Rb1 f5 16. Bf2 axb4 17. axb4 Qf7 18. 0-0 f4 19. c5 g5 20. c6 Bc8 21. b5 Nb8 22. b6 cxb6 23. Rxb6 Ra6 24. Qb1 Rxb6 25. Qxb6 g4 26. cxb7 Bd7 27. Kh1 Qg6 28. Qc7 g3 29. Bxg3 fxg3 30. Nxg3 Nxg3+ 31. hxg3 Qxg3 32. Ne2 Qh4+ 33. Kg1 Bf6 34. Rf2 Bg5 35. Qc3 Na6 36. g3 Qh5 37. Bd1 Nc5 38. g4 Qf7 39. Ng3 Qf4 40. Nh5 Qe3 41. Qb4 Nd3 42. Qxd6 Qxf2+ 43. Kh1 Qf1+ 44. Kh2 Bf4+ 45. Nxf4 Nxf4 46. Qxf8+ Kxf8 47. b8Q+ Kf7 48. Qb2 Qxd1 0-1

[Event "Regionalliga NO 0304"]
[Site "Bayern"]
[Date "2003.11.23"]
[Round "3.3"]
[White "Stein, Isjaslaw"]
[Black "Meulner, Klaus"]
[Result "1/2-1/2"]
[WhiteElo "2066"]
[BlackElo "2153"]
[PlyCount "116"]
[EventDate "2003.10.??"]
[EventType "team-tourn"]
[EventRounds "9"]
[EventCountry "GER"]
[SourceTitle "EXT 2006"]
[Source "ChessBase"]
[SourceDate "2005.11.24"]
[SourceVersion "1"]
[SourceVersionDate "2005.11.24"]
[SourceQuality "1"]
[WhiteTeam "Weiden"]
[BlackTeam "Nuernberg Sued SW"]
[WhiteTeamCountry "GER"]
[BlackTeamCountry "GER"]

1. e4 c5 2. Nf3 d6 3. Bb5+ Nd7 4. 0-0 Ngf6 5. Re1 a6 6. Bf1 b6 7. d4 cxd4 8. Nxd4 Bb7 9. Nc3 Qc7 10. Bg5 h6 11. Bh4 g6 12. Nd5 Bxd5 13. exd5 Bg7 14. Nc6 Ne5 15. Nxe7 Qxe7 16. f4 0-0 17. fxe5 dxe5 18. c4 g5 19. Bf2 Nd7 20. g4 a5 21. Bd3 Nc5 22. Bb1 Rfe8 23. Kh1 e4 24. Bd4 Bxd4 25. Qxd4 Qe5 26. Qxe5 Rxe5 27. Bc2 Rae8 28. Re3 f5 29. gxf5 Rxf5 30. Rae1 Rf4 31. b3 Kg7 32. a3 a4 33. b4 Nb3 34. Bxb3 axb3 35. Rxb3 e3 36. Rbxe3 Rxe3 37. Rxe3 Rxc4 38. Rd3 Kf7 39. d6 Ke8 40. d7+ Kd8 41. Kg2 b5 42. h3 Rc7 43. Kf3 Rc4 44. Ke3 g4 45. hxg4 Rxg4 46. Kd2 Rg7 47. Kc3 Rxd7 48. Rh3 Rd6 49. Rh5 Ra6 50. Kd4 Rxa3 51. Rxh6 Kc7 52. Kc5 Rg3 53. Rh7+ Kb8 54. Kxb5 Rg5+ 55. Kb6 Rg6+ 56. Ka5 Rf6 57. b5 Rg6 58. b6 Rg1 1/2-1/2

[Event "Regionalliga NO 0304"]
[Site "Bayern"]
[Date "2003.11.02"]
[Round "2.3"]
[White "Schneider, Roland"]
[Black "Stein, Isjaslaw"]
[Result "1-0"]
[WhiteElo "2094"]
[BlackElo "2066"]
[PlyCount "73"]
[EventDate "2003.10.??"]
[EventType "team-tourn"]
[EventRounds "9"]
[EventCountry "GER"]
[SourceTitle "EXT 2006"]
[Source "ChessBase"]
[SourceDate "2005.11.24"]
[SourceVersion "1"]
[SourceVersionDate "2005.11.24"]
[SourceQuality "1"]
[WhiteTeam "Regensburg Eulenspiegel"]
[BlackTeam "Weiden"]
[WhiteTeamCountry "GER"]
[BlackTeamCountry "GER"]

1. e4 e5 2. Nf3 Nc6 3. Bc4 Nf6 4. d4 exd4 5. Ng5 Ne5 6. Bb3 h6 7. f4 hxg5 8. fxe5 Nxe4 9. Qxd4 Nc5 10. Be3 d6 11. Nc3 Nxb3 12. axb3 dxe5 13. Qxe5+ Qe7 14. Qd4 Qd6 15. Nb5 Qb4+ 16. Qxb4 Bxb4+ 17. c3 Bd6 18. Nxd6+ cxd6 19. Bxg5 Be6 20. b4 Rh5 21. Be3 a5 22. bxa5 Rhxa5 23. Rxa5 Rxa5 24. Kd2 Bb3 25. Re1 Kd7 26. Kd3 Be6 27. Bd4 f5 28. g3 Ra2 29. c4 Ra8 30. h4 Ra4 31. Rc1 Ra8 32. Kc3 Ra4 33. Kd3 Rb4 34. h5 d5 35. cxd5 Bxd5 36. Ke3 Bc6 37. Rc2 1-0

[Event "Regionalliga NO 0203"]
[Site "Bayern"]
[Date "2003.01.26"]
[Round "5.3"]
[White "Stein, Isjaslaw"]
[Black "Bayer, Christian"]
[Result "0-1"]
[WhiteElo "2111"]
[BlackElo "2124"]
[PlyCount "132"]
[EventDate "2002.10.20"]
[EventType "team-tourn"]
[EventRounds "9"]
[EventCountry "GER"]
[SourceTitle "EXT 2004"]
[Source "ChessBase"]
[SourceDate "2003.11.25"]
[SourceVersion "1"]
[SourceVersionDate "2003.11.25"]
[SourceQuality "1"]
[WhiteTeam "Weiden"]
[BlackTeam "Regensburg Fortuna II"]
[WhiteTeamCountry "GER"]
[BlackTeamCountry "GER"]

1. e4 c6 2. Nc3 d5 3. Nf3 dxe4 4. Nxe4 Nf6 5. Ng3 c5 6. d4 Nc6 7. Bb5 Qa5+ 8. c3 Qxb5 9. d5 Nb8 10. Ne5 Nbd7 11. c4 Qa6 12. Nxd7 Bxd7 13. b3 e6 14. 0-0 Be7 15. Bf4 0-0 16. d6 Bd8 17. Qd3 Bc6 18. a3 b5 19. Rfd1 bxc4 20. bxc4 Nd7 21. Nh5 Nf6 22. Nxg7 Kxg7 23. Be5 Rg8 24. d7 Kh8 25. Qc3 Rxg2+ 26. Kf1 Rg6 27. Ke2 Kg8 28. Rg1 Bd5 29. Rxg6+ hxg6 30. Bxf6 Qxc4+ 31. Kd1 Bxf6 32. Qxf6 Qd4+ 33. Qxd4 cxd4 34. Rc1 Bb7 35. Rc7 Ba6 36. Rc6 Rd8 37. Rxa6 Rxd7 38. Kd2 Kf8 39. Kd3 Ke7 40. Ra5 Kf6 41. f4 Ke7 42. a4 Kf6 43. Rb5 Ke7 44. a5 a6 45. Rb6 Rd6 46. Rb7+ Kf6 47. Rb6 Rd5 48. Rxa6 Kf5 49. Ra7 f6 50. a6 Kxf4 51. Rf7 Ke5 52. a7 Ra5 53. Kc4 f5 54. Kb4 Ra1 55. h4 Ke4 56. Kb5 d3 57. Rf6 Ke5 58. Rf7 d2 59. Rd7 Rxa7 60. Rxd2 Rc7 61. Rg2 Kf6 62. Ra2 Rc1 63. Ra8 Rh1 64. Rh8 Kg7 65. Re8 Kf7 66. Rh8 f4 0-1